Construction materials (Record no. 3506)

000 -LEADER
fixed length control field 00497nam a22002057a 4500
001 - CONTROL NUMBER
control field 3506
003 - CONTROL NUMBER IDENTIFIER
control field BD-DhUET
008 - FIXED-LENGTH DATA ELEMENTS--GENERAL INFORMATION
fixed length control field 0
020 ## - INTERNATIONAL STANDARD BOOK NUMBER
International Standard Book Number 0419154701
040 ## - CATALOGING SOURCE
Transcribing agency 0
Modifying agency BD-DhUET
082 ## - DEWEY DECIMAL CLASSIFICATION NUMBER
Classification number 620.136
Item number ILL/1994
100 ## - MAIN ENTRY--PERSONAL NAME
Personal name Illston, J. M.
245 ## - TITLE STATEMENT
Title Construction materials
Remainder of title their nature and behavior
250 ## - EDITION STATEMENT
Edition statement 1st ed.
260 ## - PUBLICATION, DISTRIBUTION, ETC. (IMPRINT)
Place of publication, distribution, etc. London
Name of publisher, distributor, etc. E & FN Spon
Date of publication, distribution, etc. 1994
300 ## - PHYSICAL DESCRIPTION
Extent xxiii, 517 p.
Other physical details ill.
Dimensions 20 cm.
504 ## - BIBLIOGRAPHY, ETC. NOTE
Bibliography, etc Includes bibliographies
650 #0 - SUBJECT ADDED ENTRY--TOPICAL TERM
Topical term or geographic name as entry element Concrete-Engineering
942 ## - ADDED ENTRY ELEMENTS (KOHA)
Koha item type General Book
Holdings
Price effective from Shelving location Not for loan Withdrawn status Copy number Koha item type Koha renewals Sublocation or collection (holding branch) Piece designation (barcode) Location (home branch) Koha date last seen Date acquired Damaged status Source of classification or shelving scheme Koha normalized classification for sorting Koha date last borrowed Koha full call number Lost status Koha issues (times borrowed)
2014-11-01Circulation section  1General Book Central Library, BUET92490Central Library, BUET2021-06-302014-11-01  620_136000000000000_ILL_19942015-03-04620.136/ILL/1994 1
2014-11-01Circulation section  2General Book Central Library, BUET92503Central Library, BUET2014-11-012014-11-01  620_136000000000000_ILL_1994 620.136/ILL/1994  
2014-11-01Circulation section  3General Book Central Library, BUET92499Central Library, BUET2021-08-282014-11-01  620_136000000000000_ILL_19942021-08-28620.136/ILL/1994 1
2014-11-01Circulation section  4General Book2Central Library, BUET92494Central Library, BUET2016-03-122014-11-01  620_136000000000000_ILL_1994 620.136/ILL/1994  
2014-11-01Circulation section  5General Book Central Library, BUET92501Central Library, BUET2014-11-012014-11-01  620_136000000000000_ILL_1994 620.136/ILL/1994  
2014-11-01Circulation section  6General Book Central Library, BUET92486Central Library, BUET2024-09-142014-11-01  620_136000000000000_ILL_19942024-09-07620.136/ILL/1994 1
2015-06-14Reading section  7Reading Item Central Library, BUET92484Central Library, BUET2015-06-142015-06-14  620_136000000000000_ILL_1994 620.136/ILL/1994